Normal view
MARC view
Entry Meeting Name
001 - CONTROL NUMBER
- control field: 28147
003 - CONTROL NUMBER IDENTIFIER
- control field: OSt
005 - DATE AND TIME OF LATEST TRANSACTION
- control field: 20211105135134.0
008 - FIXED-LENGTH DATA ELEMENTS
- fixed length control field: 211105|| aca||aabn | a|a d
040 ## - CATALOGING SOURCE
- Original cataloging agency: OSt
- Transcribing agency: OSt
111 ## - HEADING--MEETING NAME
- Meeting name or jurisdiction name as entry element: Workshop on Observational Aspects of Pulsating B and A stars
- Location of meeting: Belgium
- Date of meeting or treaty signing: 2001 July 24-25
670 ## - SOURCE DATA FOUND
- Source citation: Work cat.: (OSt): Workshop on Observational Aspects of Pulsating B and A stars Belgium 2001 July 24-25, Observational aspects of pulsating B and A stars, 2002